000
00305nam a22001097a 4500
999
_c
7702
_d
7702
008
190308b ||||| |||| 00| 0 eng d
082
_a
353.46 A6297a 2017
245
_a
Anti- Corruption Commission.
260
_a
Thimphu ;
_b
Anti- Corruption of Bhutan,
_c
2017.
300
_a
118 p.
_b
ill,
_c
24 cm.
942
_2
ddc